Laboratórne cvičenia zo stavby riadiacich systémov

Saved in:
Bibliographic Details
Main Authors: Valčuha, Štefan, 1938- (Author), Galata, Jozef, 1942- (Author), Javorčík, Ladislav, 1940- (Author), Lenárt, Milan, 1948- (Author), Šutor, Karol (Author)
Format: Book
Language:Slovak
Published: Bratislava : SVŠT v Bratislave, 1984
Edition:1. vyd.
Subjects:
Tags: Add Tag
No Tags, Be the first to tag this record!

MARC

LEADER 00000nam a22000003a 4500
001 stu85713
005 20160714110911.3
008 040407s1984----xr------------------slo-d
040 |a STU  |b slo 
041 0 |a slo 
044 |a xr 
080 |a 62-114 
080 |a 65.011.54 
100 1 |a Valčuha, Štefan,  |d 1938-  |4 aut  |u J120  |U SjF Ústav výrobných systémov, enviromentálnej techniky a manažment kvality  |T SjF Katedra výrobných systémov  |X 2448  |U J120  |Y 38  |7 A000002448 
245 1 |a Laboratórne cvičenia zo stavby riadiacich systémov 
250 |a 1. vyd. 
260 |a Bratislava :  |b SVŠT v Bratislave,  |c 1984 
300 |a 70 s 
650 7 |a stavba strojov  |2 stusub 
700 1 |a Galata, Jozef,  |d 1942-  |4 aut  |u J330  |U SjF Strojnícka fakulta  |T SjF Katedra jazykov a spoločenských vied  |X 2389  |U J330  |Y 54  |7 A000002389 
700 1 |a Javorčík, Ladislav,  |d 1940-  |4 aut  |u J240  |U SjF Ústav výrobných systémov, enviromentálnej techniky a manažment kvality  |T SjF Katedra výrobnej techniky  |X 3502  |U J240  |Y 47  |7 A000003502 
700 1 |a Lenárt, Milan,  |d 1948-  |4 aut  |u J240  |U SjF Ústav výrobných systémov, enviromentálnej techniky a manažment kvality  |T SjF Katedra výrobnej techniky  |X 2484  |U J240  |Y 47  |7 A000002484 
700 1 |a Šutor, Karol  |4 aut 
996 |b 284J018930  |c J*1956-13  |l JJSK  |s A  |a 24  |w stu85713_0001 
996 |b 284J018925  |c J*1956-6  |l JJSK  |s A  |a 24  |w stu85713_0002 
996 |b 284J018926  |c J*1956-7  |l JJSK  |s A  |a 24  |w stu85713_0003 
996 |b 284J018927  |c J*1956-8  |l JJSK  |s A  |a 24  |w stu85713_0004 
996 |b 284J018922  |c J*1956-2  |l JJSK  |s A  |a 24  |w stu85713_0005 
996 |b 284J018923  |c J*1956-3  |l JJSK  |s A  |a 24  |w stu85713_0006 
996 |b 284J018929  |c J*1956-12  |l JJSK  |s A  |a 24  |w stu85713_0007 
996 |b 284J018928  |c J*1956-10  |l JJSK  |s A  |a 24  |w stu85713_0008 
996 |b 284J018924  |c J*1956-5  |l JJSK  |s A  |a 24  |w stu85713_0009 
996 |b 284J018921  |c J*1956-1  |l JJSK  |s A  |a 24  |w stu85713_0010